Score 0/17 Timer 02:00
3 Plays Today
Clue 4-Letter Word % Correct
➡____ Hogan, WWE Wrestler who starred in 'Rocky III'HULK
89.3%
➡Dwayne 'The _____' Johnson, WWE Wrestler who starred in 'Fast Five'ROCK
87.9%
A penny is worth 1CENT
80.5%
MiddayNOON
78.5%
Small room in which a prisoner is locked upCELL
78.2%
➡[First Rung] ____, WWE Wrestler who starred in 'The Marine'CENA
76.8%
Hand over something for moneySELL
70%
Be silent out of disappointmentSULK
69.5%
Shelf at the foot of a windowSILL
69%
Clue 4-Letter Word % Correct
Fine, strong, soft, lustrous fiberSILK
68.8%
➡____ [Last Rung], WWE wrestler who starred in 'The Marine'JOHN
68.4%
Nickname for Tom Sawyer's comradeHUCK
67.4%
Benny & ____, Johnny Depp filmJOON
64.1%
Prehistoric stone shaped like a chiselCELT
62.7%
Corner or recess offering seclusionNOOK
59.3%
Tightly packed crowd of peopleRUCK
58.4%
Part at the end of the bow which holds the string in archeryNOCK
55.4%

Today's Daily Dose

Missing Word
Lizzo Songs

Get the Picture
The Longest Rivers

Remove Ads.
Support Sporcle.
Get the best of Sporcle when you Go Orange. This ad-free experience offers more features, more stats, and more fun while also helping to support Sporcle. Thank you for becoming a member.

You're not logged in!

Compare scores with friends on all Sporcle quizzes.
OR
Log In

Show Comments

Extras

Top Quizzes Today


Score Distribution

Your Account Isn't Verified!

In order to create a playlist on Sporcle, you need to verify the email address you used during registration. Go to your Sporcle Settings to finish the process.

Report this User

Report this user for behavior that violates our Community Guidelines.

Details: